| 000 | 00540cam a2200205ua 4500 | ||
|---|---|---|---|
| 001 | 8419 | ||
| 008 | 150129n ii |||gr||||Z||||||eng | ||
| 020 | _a9780195647617 | ||
| 040 | _cMAIN | ||
| 041 | _aeng | ||
| 082 | _a808.80113 | ||
| 100 |
_aGandhi, L., _eAuthor. |
||
| 245 | 1 |
_aPostcolonial theory : _bCritical introduction / _cBy Leela Gandhi . |
|
| 250 | _a1st. | ||
| 260 |
_aNew Delhi: _bOxford, _c2011. |
||
| 300 | _aviii,200p. | ||
| 653 | _aRhetoric & collections of literature | ||
| 653 | _aPostcolonial theory | ||
| 942 | _cBK | ||
| 999 |
_c7528 _d7528 |
||